First 10 countries to celebrate the New Year - Statistics

General Stats
  • This quiz has been taken 47 times
  • The average score is 8 of 10
Answer Stats
Answer % Correct
New Zealand
91%
Fiji
83%
Kiribati
83%
Nauru
81%
Tonga
81%
Tuvalu
81%
Samoa
79%
Vanuatu
79%
Marshall Islands
77%
Russia
55%
No matching quizzes found
Score Distribution
Percent of People with Each Score
Percentile by Number Answered
Your Score History
You have not taken this quiz